000 00928nas a2200313 4500
001 BR2011004403
003 BR-BrBNA
005 20231205115503.0
007 ta
008 230509b bl.|||p| |||| 00| 00por d
040 _aBR-BrBNA
_bpor
_cBiblioteca Nacional de Agricultura
041 _a(En)
072 _aL73
100 1 _aBuim, M.R.
100 1 _aMettifogo, E.
100 1 _aTimenetsky, J.
100 1 _aKleven, S.
100 1 _aFerreira, A.J.P.
245 1 _aEpidemiological survey on Mycoplasma gallisepticum and M.synoviae by multiplex PCR in commercial poultry
650 _aGALINHA
650 _aEPIDEMIOLOGIA
650 _aPATOLOGIA
650 _aSÃO PAULO
650 _aPARANÁ
650 _aPERNAMBUCO
773 0 _tPesquisa Veterinária Brasileira (Brazil)
_xISSN 0100-736X
_g(Jul 2009), v. 29(7) p. 552-556
_wBR2011004403
909 _a202311
_bLúcia
_c55
_dLúcia Elande
942 _2AGRIS
_n0
_cANA
999 _c214064
_d214064